五十音高速タイピング - Statistics

General Stats
  • This quiz has been taken 373 times
  • The average score is 19 of 46
Answer Stats
% Correct
99%
88%
85%
82%
80%
80%
77%
74%
72%
68%
68%
64%
62%
61%
53%
51%
44%
44%
41%
41%
39%
38%
37%
33%
31%
26%
24%
24%
23%
21%
21%
20%
19%
19%
19%
16%
16%
15%
14%
13%
13%
13%
12%
12%
10%
10%
No matching quizzes found
Score Distribution
Percent of People with Each Score
Percentile by Number Answered
Your Score History
You have not taken this quiz